[Event "Decin op-A"]
[Site "Decin"]
[Date "1998.??.??"]
[Round "1"]
[White "Namgilov, Sogto"]
[Black "Pavlovskaya, Evgenia"]
[Result "1-0"]
[WhiteElo "2430"]
[BlackElo "2205"]

1.d4 d5 2.c4 e6 3.Nf3 Nf6 4.Nc3 c6 5.Qb3 Be7 6.Bg5 O-O 7.e3 h6 8.Bh4 Ne4
9.Bxe7 Qxe7 10.Bd3 Nxc3 11.Qxc3 dxc4 12.Bxc4 Nd7 13.O-O b6 14.b4 Bb7 15.Be2 Nf6
16.Rab1 Rac8 17.Rfc1 Rfd8 18.h3 Ne4 19.Qb2 Rc7 20.Rc2 Rdc8 21.Qa3 Ba8 22.Ba6 Rb8
23.Bd3 Nf6 24.Rb3 Rbc8 25.Ne5 Nd5 26.Ba6 Rd8 27.Bf1 Rdc8 28.Nd3 Qg5 29.Qc1 Qd8
30.Ne5 Bb7 31.Qd2 Nf6 32.Ra3 Ba8 33.Ba6 Rb8 34.Bf1 Rbc8 35.Rac3 Ne4 36.Qc1 Nxc3
37.Rxc3 Qd6 38.Nd3 Qd5 39.Ra3 e5 40.Nxe5 c5 41.Rc3 Qd6 42.Nc4 Qe7 43.dxc5 bxc5
44.b5 Rd8 45.Nb2 Rd5 46.Nd3 Rcd7 47.e4 Rd4 48.f3 c4 49.Rxc4 Rxd3 50.Rc8+ Kh7
51.Bxd3 Rxd3 52.Qf4 Rd1+ 53.Kh2 Rd8 54.Rc7 Qd6 55.Qxd6 Rxd6 56.Rxa7  1-0

[Event "HUN-chT 9798"]
[Site "Hungary"]
[Date "1998.??.??"]
[Round "?"]
[White "Lorincz, Istvan"]
[Black "Majzik, Levente"]
[Result "1-0"]
[WhiteElo "2360"]
[BlackElo "2260"]

1.d4 Nf6 2.Nf3 d5 3.c4 c6 4.Qb3 e6 5.Nc3 Nbd7 6.cxd5 exd5 7.Bf4 Be7 8.e3 O-O
9.Be2 Qb6 10.Qc2 c5 11.O-O Re8 12.h3 cxd4 13.Nxd4 Nc5 14.Ncb5 Ne6 15.Bc7 Nxd4
16.Nxd4 Qc5 17.Rac1 Qxc2 18.Rxc2 a6 19.Bf3 Be6 20.Rfc1 Rec8 21.Be5 Rxc2 22.Rxc2 Bd8
23.b3 Kf8 24.g4 Bb6 25.Nxe6+ fxe6 26.Bc7 Bxc7 27.Rxc7 Rb8 28.g5 Ng8 29.Bg4 e5
30.Rc8+ Rxc8 31.Bxc8 b6 32.Bxa6 Ke7 33.e4 dxe4 34.Bc4 Kf8 35.Bxg8 Kxg8 36.Kf1 Kf7
37.Ke2 Ke6 38.Ke3 Kd5 39.a3 g6 40.h4 Ke6 41.Kxe4  1-0

[Event "Heart of Finland op"]
[Site "Jyvaskyla"]
[Date "1998.??.??"]
[Round "?"]
[White "Lugovoi, Aleksei"]
[Black "Rantanen, Yrjo A"]
[Result "1-0"]
[WhiteElo "2540"]
[BlackElo "2360"]

1.d4 d5 2.c4 c6 3.Nf3 Nf6 4.Nc3 e6 5.Qb3 dxc4 6.Qxc4 b5 7.Qd3 Nbd7 8.e4 b4
9.Na4 Nb6 10.Qc2 Nxa4 11.Qxa4 Bd7 12.Bg5 c5 13.Bb5 Rb8 14.Bxd7+ Qxd7 15.Qxd7+ Nxd7
16.Ke2 Be7 17.Be3 Rb5 18.Rhc1 f6 19.dxc5 Nxc5 20.Nd4 Rb7 21.Nb3 Nxb3 22.axb3 Kd7
23.Rd1+ Kc7 24.Bxa7 Kc6 25.Ra6+ Kb5 26.Rda1 Bd8 27.Rxe6 Ba5 28.Rd1 Rd8 29.Rxd8 Bxd8
30.Bd4 Rd7 31.Ke3 Bc7 32.g3 Bd6 33.Re8 Rc7 34.Rb8+ Kc6 35.Rb6+ Kd7 36.f4 Be7
37.Kd2  1-0

[Event "Klatovy op-A"]
[Site "Klatovy"]
[Date "1998.??.??"]
[Round "?"]
[White "Lechtynsky, Jiri"]
[Black "Cech, Pavel"]
[Result "1/2-1/2"]
[WhiteElo "2405"]
[BlackElo "2330"]

1.Nf3 Nf6 2.c4 e6 3.d4 d5 4.Nc3 c6 5.Qb3 dxc4 6.Qxc4 b5 7.Qb3 Nbd7 8.Bg5 Bb7
9.e3 a6 10.a4 Be7 11.Be2 b4 12.Bxf6 Nxf6 13.Nb1 c5 14.dxc5 Bxc5 15.Nbd2 O-O
16.O-O Qe7  1/2-1/2

[Event "Krasnodar"]
[Site "Krasnodar"]
[Date "1998.??.??"]
[Round "2"]
[White "Tregubov, Pavel V"]
[Black "Maiorov, Oleg"]
[Result "1-0"]
[WhiteElo "2560"]
[BlackElo "2405"]

1.d4 d5 2.c4 c6 3.Nf3 e6 4.Qb3 Nf6 5.Nc3 dxc4 6.Qxc4 b5 7.Qd3 a6 8.e4 c5
9.dxc5 Qxd3 10.Bxd3 Bxc5 11.e5 Nfd7 12.Be4 Ra7 13.Bf4 Nb6 14.Rc1 N8d7 15.a3 f5
16.exf6 gxf6 17.O-O Kf7 18.b4 Be7 19.Nd4 e5 20.Nc6 Rc7 21.Nd5 Rxc6 22.Rxc6 Bb7
23.Nxe7 Bxc6 24.Nxc6 exf4 25.Rd1 Rc8 26.h4 f5 27.Bxf5 Rxc6 28.Bxd7 Rc3 29.Bf5 Rxa3
30.Bxh7 Kg7 31.Bf5 Nc4 32.Rd4 f3 33.g4 Kf6 34.Re4 a5 35.bxa5 Rxa5 36.Re6+ Kf7
37.h5 b4 38.h6 b3 39.h7 Ra8 40.Ra6 Rd8 41.g5  1-0

[Event "Le Touquet op"]
[Site "Le Touquet"]
[Date "1998.??.??"]
[Round "5"]
[White "Mancini, Mario"]
[Black "Getmanchuk, Andrei V"]
[Result "1-0"]
[WhiteElo "2320"]
[BlackElo "2175"]

1.d4 d5 2.c4 c6 3.Nf3 Nf6 4.Nc3 e6 5.Qb3 Nbd7 6.Bg5 Be7 7.e3 O-O 8.Rd1 a6
9.Bd3 dxc4 10.Bxc4 b5 11.Be2 Qb6 12.O-O Bb7 13.Ne5 Bd6 14.Nxd7 Nxd7 15.Ne4 Qc7
16.Nxd6 Qxd6 17.Bf4 Qd5 18.Qa3 a5 19.Bf3 b4 20.Qa4 Nb6 21.Qb3 Qb5 22.Rc1 a4
23.Qd1 Nd5 24.Rc5 Qb6 25.Bg3 a3 26.Bxd5 cxd5 27.Bc7 Qa7 28.b3 Ba6 29.Re1 Rfc8
30.Qc2 Bd3 31.Qxd3 Rxc7 32.Rec1 Rxc5 33.Rxc5 g6 34.Qc2 Rb8 35.Rc7 Qb6 36.h4 h5
37.g3 Kg7 38.Rc5 Rb7 39.e4 dxe4 40.Qxe4 Rb8 41.Qe5+ Kg8 42.Rc7 Rd8 43.Qf4 Rf8
44.Rc4 Rd8 45.Qd2 Rb8 46.Qg5 Qd6 47.Qc5 Qb6 48.Qxb6 Rxb6 49.Kf1 Kf8 50.Ke2 Ke7
51.Kd3 Kd6 52.Rc5 f6 53.Kc4 e5 54.f3 Rb7 55.d5 Rb6 56.Rc8 f5 57.Rg8 Ke7 58.Kc5 Ra6
59.Rb8 Ra5+ 60.Kc4 Ra7 61.Rc8 Rd7 62.Kc5 f4 63.gxf4 exf4 64.Rc6 Kf7 65.Re6 Rc7+  1-0

[Event "Montpellier opA"]
[Site "Montpellier"]
[Date "1998.??.??"]
[Round "2"]
[White "Tregubov, Pavel V"]
[Black "Laclau, Daniel"]
[Result "1-0"]
[WhiteElo "2560"]
[BlackElo "2290"]

1.d4 d5 2.c4 e6 3.Nf3 Nf6 4.Nc3 c6 5.Qb3 dxc4 6.Qxc4 b5 7.Qd3 Ba6 8.Ne4 Nbd7
9.Nxf6+ Nxf6 10.e4 Bb7 11.Bd2 a6 12.b4 Be7 13.Qc2 O-O 14.Bd3 h6 15.O-O Qb8
16.Rfe1 Rc8 17.Qc1 Bf8 18.Rb1 Qc7 19.Qd1 Qd8 20.Qe2 Qe7 21.h4 Re8 22.Bc2 Nd7
23.e5 f5 24.exf6 Qxf6 25.Qe4 Bd6 26.Qh7+ Kf7 27.Ng5+ hxg5 28.Bxg5 Nf8 29.Qh8 Qxd4
30.Rbd1 Qc3 31.Re3 Qxc2 32.Rf3+ Kg6 33.Rxd6 Qb2 34.Be3 Qa1+ 35.Kh2 Qe5+ 36.Bf4 Qf5
37.Rg3+  1-0

[Event "RUS-Cup02"]
[Site "Moscow"]
[Date "1998.??.??"]
[Round "2"]
[White "Lugovoi, Aleksei"]
[Black "Drogoon, A."]
[Result "1-0"]
[WhiteElo "2540"]
[BlackElo "2360"]

1.d4 d5 2.c4 c6 3.Nf3 Nf6 4.Nc3 e6 5.Qb3 Be7 6.Bg5 O-O 7.e3 Nbd7 8.Bd3 h6
9.Bxf6 Nxf6 10.O-O b6 11.Rac1 Bb7 12.Rfd1 Qb8 13.cxd5 cxd5 14.Ne5 Rc8 15.Rc2 Qd6
16.a3 a6 17.Rdc1 b5 18.Na4 Ne4 19.Bxe4 dxe4 20.Rxc8+ Rxc8 21.Rxc8+ Bxc8 22.Qc3 Bb7
23.Nc5 Qc7 24.Nxe4 Qb6 25.Nc5 Ba8 26.f3 Bd6 27.Nxe6 Qb8 28.Nf4 f6 29.Ned3 Kh7
30.Qc2 Kh8 31.Kf2 Qe8 32.h3 g5 33.Ne2 Bd5 34.Nc5 Qh5 35.Qf5 Qf7 36.Nc3 Bc4
37.Qc8+ Kg7 38.N3e4 Be7 39.Qxa6 f5 40.Nd6 Bxd6 41.Qxd6 f4 42.Qd7  1-0

[Event "Plzen opJ-C"]
[Site "Plzen"]
[Date "1998.??.??"]
[Round "3"]
[White "Stehlik, Jiri"]
[Black "Sladek, Jaroslav"]
[Result "1-0"]
[WhiteElo "2140"]
[BlackElo "1870"]

1.d4 d5 2.Nf3 Nf6 3.c4 c6 4.Nc3 e6 5.Qb3 Bd6 6.g3 Nbd7 7.Bg2 O-O 8.O-O dxc4
9.Qxc4 e5 10.Bg5 Nb6 11.Qd3 exd4 12.Nxd4 h6 13.Bxf6 Qxf6 14.Ne4 Qe7 15.Nxc6 bxc6
16.Qxd6 Qe6 17.Qxe6 Bxe6 18.b3 Bd5 19.Rfd1 Rfe8 20.Nc3 Bxg2 21.Kxg2 Rad8
22.h4 Kf8 23.e4 Ke7 24.Kf3 Rxd1 25.Rxd1 Rd8 26.Rxd8 Kxd8 27.Ke3 Ke7 28.Kd4 Kd6
29.b4 f6 30.f4 g6 31.a4 Nd7 32.a5 Nf8 33.e5+ fxe5+ 34.fxe5+ Kc7 35.Ne4 Ne6+
36.Kc4 Ng7 37.Nf6 g5 38.hxg5 hxg5 39.g4 Ne6 40.Ne4 Kc8 41.Nc5 Nc7 42.Kd4 Nd5
43.Ke4 Nxb4 44.Kf5 Kd8 45.Kxg5 Nd5 46.Kf5 Ke7 47.g5 Ne3+ 48.Ke4 Nd5 49.g6 Kf8
50.Kf5 Ne7+ 51.Kf6 Nd5+ 52.Kg5 Kg7 53.Ne6+ Kg8 54.Nf4 Ne7 55.Kf6 Nc8 56.Ke6 a6
57.Kd7  1-0

[Event "Seefeld op 9th"]
[Site "Seefeld"]
[Date "1998.??.??"]
[Round "4"]
[White "Rantner, Otto"]
[Black "Schumacher, Helmut"]
[Result "0-1"]
[WhiteElo "1800"]
[BlackElo "2185"]

1.Nf3 d5 2.c4 e6 3.d4 c6 4.Nc3 Nf6 5.Bf4 dxc4 6.e3 b5 7.a4 Bb4 8.axb5 cxb5
9.Bxb8 Rxb8 10.Rxa7 Qb6 11.Ra1 Bb7 12.Be2 O-O 13.O-O Rfc8 14.Ne5 Bd6 15.f4 Rc7
16.Bf3 Nd5 17.Qd2 f6 18.Ng4 b4 19.Ne2 c3 20.bxc3 Nxc3 21.Nxc3 Rxc3 22.Rab1 Rbc8
23.Bxb7 Qxb7 24.Nf2 f5 25.Rfc1 Rxc1+ 26.Rxc1 Rxc1+ 27.Qxc1 b3 28.Qc4 Kf7
29.Qc1 Ba3 30.Qb1 Qb4 31.d5 Qc3 32.dxe6+ Kxe6 33.Nd3 Qc2 34.Qf1 b2 35.Nxb2 Bxb2
36.Qa6+ Kf7 37.Qa2+ Kg6 38.Qe6+ Bf6 39.h3 Qe4 40.Qxe4 fxe4 41.Kf2 h5 42.g3 Kf5
43.Ke2 Bd8 44.Kf2 Bc7 45.Ke2 g5 46.Kf2 g4 47.hxg4+ Kxg4 48.Kg2 Bb6 49.Kf2 Bc5  0-1

[Event "Petrov mem"]
[Site "St Petersburg"]
[Date "1998.??.??"]
[Round "4"]
[White "Lugovoi, Aleksei"]
[Black "Skatchkov, Pavel"]
[Result "1/2-1/2"]
[WhiteElo "2540"]
[BlackElo "2415"]

1.d4 d5 2.c4 e6 3.Nf3 Nf6 4.Nc3 c6 5.Qb3 Nbd7 6.Bg5 Be7 7.e3 O-O 8.Be2 dxc4
9.Qxc4 h6 10.Bh4 Nd5 11.Bxe7 Qxe7 12.O-O N5b6 13.Qb3 e5 14.a4 e4 15.Nd2 Nf6
16.a5 Nbd5 17.Qa3 Qxa3 18.Rxa3 Bf5 19.Rc1 Rab8 20.Na4 Rfd8 21.Nc5 b6 22.axb6 axb6
23.Ncb3 Rdc8 24.Ra7 Nb4 25.Ra4 Nfd5 26.g4 Bg6 27.Ra7 Ra8 28.Rca1 Rxa7 29.Rxa7 f5
30.gxf5 Bxf5 31.Nc4 Rf8 32.Nd6 Rf6 33.Nxf5 Rxf5 34.Nd2 Nf6 35.Ra8+ Kf7 36.Nc4 Ke7
37.Ra7+ Kf8 38.Nd6 Rg5+ 39.Kf1 b5 40.h4 Rd5 41.Nb7 Rd7 42.Ra8+ Kf7 43.Nc5 Re7
44.Bd1 Kg6 45.Kg2 Kf5 46.Be2 g5 47.hxg5 Kxg5 48.Kh3 Kf5 49.Rf8 Kg6 50.Kh4 Ra7
51.f3 Re7 52.Kg3 Kg7 53.Rc8 exf3 54.Kxf3 Nc2 55.Rc7 Rxc7 56.Ne6+ Kf7 57.Nxc7 Ke7
58.Na6 Nd5 59.Nc5 Ncxe3 60.Ke4 Nc4 61.Nd3 Kd6 62.Kf5 Nce3+ 63.Ke4 Nc4 64.Kf5 Nde3+
65.Ke4 Nc2 66.Ne5 Nxb2 67.Nxc6 Kxc6 68.Bxb5+ Kxb5 69.Kf5 Ne3+ 70.Kg6 Ng4
71.Kh5 Nc4 72.Kxg4  1/2-1/2

[Event "Troll Masters"]
[Site "Gausdal"]
[Date "1999.01.09"]
[Round "1"]
[White "Ornstein, Axel"]
[Black "Johansen, Arild"]
[Result "1-0"]
[WhiteElo "2425"]
[BlackElo "2120"]

1.Nf3 Nf6 2.c4 e6 3.Nc3 d5 4.d4 c6 5.Qb3 Nbd7 6.Bg5 Be7 7.e3 O-O 8.Rc1 Qb6
9.Qc2 Re8 10.a3 a5 11.Bd3 dxc4 12.Bxc4 h6 13.Bh4 Nd5 14.Bxe7 Rxe7 15.O-O Nxc3
16.Qxc3 Qc7 17.Rfd1 e5 18.d5 cxd5 19.Rxd5 e4 20.Nd4 Nf6 21.Rc5 Qb6 22.Ba2 Bg4
23.h3 Bh5 24.Nb5 Rd8 25.Nd4 Ra8 26.Rb5 Qd8 27.Qb3 Qd7 28.Nf5 Ree8 29.g4 Bg6
30.Rxb7 Qd2 31.Rd1 Qe2 32.Nd4 Qa6 33.Rc1 Rac8 34.Rcc7 Rxc7 35.Rxc7 Kh7 36.Qb7 Qxb7
37.Rxb7 Kg8 38.Ra7 Re5 39.Bc4 Rc5 40.b3 Kf8 41.Ra8+ Ke7 42.Rxa5  1-0

[Event "RUS-Cup03 (Geller mem)"]
[Site "Moscow"]
[Date "1999.02.13"]
[Round "4"]
[White "Vaulin, Alexander"]
[Black "Korotylev, Alexey"]
[Result "0-1"]
[WhiteElo "2547"]
[BlackElo "2440"]

1.Nf3 Nf6 2.c4 c6 3.d4 d5 4.Nc3 e6 5.Qb3 dxc4 6.Qxc4 b5 7.Qd3 Nbd7 8.e4 b4
9.Na4 Bb7 10.Bg5 Qa5 11.b3 c5 12.Bxf6 gxf6 13.d5 O-O-O 14.Be2 Nb6 15.Nxb6+ Qxb6
16.O-O Rg8 17.g3 f5 18.Rfd1 fxe4 19.Qxe4 exd5 20.Qxh7 Bg7 21.Rac1 Kb8 22.Qf5 Qc7
23.Nh4 Qe7 24.Rc2 Bc3 25.Qf4+ Be5 26.Qf5 Bc3 27.Qh5 Rh8 28.Qf3 Rxh4 29.gxh4 Rg8+
30.Kf1 Qxh4 31.Qh5 Qe4 32.Qxf7 Qh1+  0-1

[Event "BL2-W9899"]
[Site "Germany"]
[Date "1999.03.21"]
[Round "8.5"]
[White "Schulz, Klaus Juergen"]
[Black "Abel, Thomas"]
[Result "1-0"]
[WhiteElo "2400"]
[BlackElo "2400"]

1.d4 d5 2.Nf3 Nf6 3.c4 c6 4.Qb3 e6 5.Nc3 Be7 6.Bf4 O-O 7.e3 Nbd7 8.h3 Qa5
9.cxd5 Nxd5 10.Bh2 c5 11.Be2 cxd4 12.exd4 N7f6 13.O-O Qb6 14.Qc2 Bd7 15.Ne5 Rac8
16.Rfd1 Nxc3 17.bxc3 Qa5 18.Nxd7 Nxd7 19.c4 Rfd8 20.Rab1 b6 21.Bf3 Qa6 22.c5 Nf6
23.Be2 Qa3 24.Rb3 Qa4 25.Bb5 Qa5 26.Bf4 bxc5 27.Bd2 Qc7 28.Ba6 Rb8 29.Rxb8 Rxb8
30.dxc5 Qxc5 31.Qa4 Nd5 32.Rc1 Qb6 33.g3 Bc5 34.Be1 Qd6 35.Kh2 Bb6 36.Bf1 h6
37.Bg2 Qe5 38.Qc2 Qf6 39.a4 Rd8 40.a5 Bd4 41.Rb1 h5 42.h4 Qe5 43.Bf3 g6 44.Kg2 Qd6
45.Rb7 Rb8 46.a6 Rd8 47.Qd3 Bb6 48.Qc4 Qe5 49.Qc1 Nc7 50.Rxb6 axb6 51.a7 Nd5
52.Bd2 Ra8 53.Bf4 Qd4 54.Bb8 Qc5 55.Qh6 Qf8 56.Qg5 Rxb8 57.axb8=Q Qxb8 58.Bxh5 Qd6
59.Bg4 Kf8 60.Qc1 b5 61.Qh6+ Kg8 62.Qg5 Kf8 63.Qh6+ Ke8 64.h5 gxh5 65.Bxh5 Qe5
66.Qh7 Qf5 67.Qh8+ Ke7 68.Bf3 b4 69.Qd4 Kd6 70.Qa7 f6 71.Qb8+ Kc5 72.Qa7+ Kc4
73.Be2+ Kc3 74.Qa1+ Kb3 75.Bd1+ Kc4 76.Be2+ Kc5 77.Qa5+ Kd6 78.Qd8+ Ke5 79.Qb8+ Ke4
80.Qc8 Qe5 81.Qc2+ Kd4 82.Qc4+  1-0

[Event "BEL-chT9899"]
[Site "Antwerp"]
[Date "1999.03.??"]
[Round "10"]
[White "Krijgelmans, Johan"]
[Black "Schumacher, Helmut"]
[Result "0-1"]
[WhiteElo "2270"]
[BlackElo "2169"]

1.d4 d5 2.c4 e6 3.Nc3 c6 4.Nf3 Nf6 5.Qb3 Nbd7 6.g3 Bd6 7.Bg2 O-O 8.O-O dxc4
9.Qxc4 e5 10.Rd1 Qe7 11.e4 Rd8 12.Be3 Nb6 13.Qb3 Bg4 14.dxe5 Bxe5 15.Rxd8+ Rxd8
16.Nxe5 Qxe5 17.a4 Qa5 18.Bf1 Be6 19.Bxb6 axb6 20.Bc4 Bxc4 21.Qxc4 Qh5 22.Kg2 Ng4
23.h3 Ne3+ 24.fxe3 Rd2+ 25.Kg1 Qf3  0-1

[Event "St Petersburg-ch"]
[Site "St Petersburg"]
[Date "1999.04.07"]
[Round "2"]
[White "Biriukov, Oleg V"]
[Black "Popov, Valerij"]
[Result "1/2-1/2"]
[WhiteElo "2407"]
[BlackElo "2582"]

1.d4 d5 2.c4 e6 3.Nf3 Nf6 4.Nc3 c6 5.Qb3 dxc4 6.Qxc4 b5 7.Qd3 Be7 8.a3 a5
9.e4 Ba6 10.Qc2 h6 11.Bd3 O-O 12.O-O b4 13.Na4 Bxd3 14.Qxd3 Nbd7 15.Rd1 Qb8
16.b3 Rd8 17.axb4 axb4 18.Bb2 Qb5 19.Qc2 Rac8 20.Rac1 Qh5 21.h3 Qb5 22.Rd2 Nh7
23.Rdd1 Nhf6  1/2-1/2

[Event "Salongernas IM"]
[Site "Stockholm"]
[Date "1999.06.06"]
[Round "2"]
[White "Dzevlan, Miralem"]
[Black "Klimov, Sergey"]
[Result "1/2-1/2"]
[WhiteElo "2435"]
[BlackElo "2432"]

1.d4 Nf6 2.c4 e6 3.Nf3 d5 4.Nc3 c6 5.Qb3 Nbd7 6.g3 Nb6 7.c5 Nbd7 8.Bg2 b6
9.cxb6 axb6 10.O-O Be7 11.e4 O-O 12.exd5 exd5 13.Re1 Re8 14.Bf4 Bb7 15.h3 Nf8
16.Ne5 Ne6 17.Be3 Rb8 18.Rad1 Bf8 19.f4 c5 20.Kh2 Ba8 21.a4 g6 22.Qa2 Nc7
23.Qb1 Ne6 24.Qa2 Nc7 25.Qb1 Nd7 26.dxc5 bxc5 27.Nxd5 Bxd5 28.Bxd5 Nxe5 29.Bxf7+ Nxf7
30.Rxd8 Rexd8 31.Qc2 Nd5 32.Bd2 Bg7 33.b3 Nb4 34.Bxb4 Rxb4 35.Re2 Bd4 36.h4 Rdb8
37.h5 Kg7 38.hxg6 hxg6 39.Re6 Bf6 40.Qxc5 Rxb3 41.Re2 Rc3 42.Qa7 Rh8+ 43.Kg2 Rd8
44.Rb2 Rxg3+ 45.Kxg3 Bxb2 46.a5 Bd4 47.Qb7 Kf6 48.a6 Nd6 49.Qc7 Nf5+  1/2-1/2

[Event "Paris-ch"]
[Site "Paris"]
[Date "1999.07.25"]
[Round "9"]
[White "Tregubov, Pavel V"]
[Black "Anastasian, Ashot"]
[Result "1/2-1/2"]
[WhiteElo "2609"]
[BlackElo "2545"]

1.d4 Nf6 2.c4 e6 3.Nf3 d5 4.Nc3 c6 5.Qb3 Nbd7 6.Bg5 Be7 7.e3 O-O 8.Bd3 h6
9.Bh4 dxc4 10.Bxc4 c5 11.O-O  1/2-1/2

[Event "Scandic Hotels CC"]
[Site "Stockholm"]
[Date "1999.08.01"]
[Round "2"]
[White "Sjoberg, Mats"]
[Black "Tella, Jussi"]
[Result "0-1"]
[WhiteElo "2348"]
[BlackElo "2434"]

1.d4 d5 2.Nf3 Nf6 3.c4 c6 4.Nc3 e6 5.Qb3 dxc4 6.Qxc4 b5 7.Qb3 Nbd7 8.Bg5 Be7
9.e3 Bb7 10.Bxf6 Nxf6 11.Bd3 O-O 12.Ne4 Nxe4 13.Bxe4 Qb6 14.a4 bxa4 15.Qxa4 c5
16.dxc5 Bxc5 17.O-O Bxe4 18.Qxe4 Qxb2 19.Ng5 g6 20.Qh4 Qg7 21.Ne4 Bb6 22.Nf6+ Kh8
23.g4 g5  0-1

[Event "MK Cafe Cup-B"]
[Site "Koszalin"]
[Date "1999.08.06"]
[Round "4"]
[White "Forintos, Gyozo V"]
[Black "Charchalis, Piotr"]
[Result "1-0"]
[WhiteElo "2343"]
[BlackElo "2181"]

1.d4 Nf6 2.c4 e6 3.Nc3 d5 4.Nf3 c6 5.Qb3 Be7 6.Bf4 O-O 7.e3 Nbd7 8.h3 Re8
9.Be2 dxc4 10.Bxc4 Nd5 11.Bg3 a6 12.O-O b5 13.Be2 Nxc3 14.bxc3 c5 15.a4 cxd4
16.cxd4 b4 17.Rfc1 Ra7 18.a5 Nf6 19.Ne5 Bb7 20.Nc6 Bxc6 21.Rxc6 Ne4 22.Bf4 Nc3
23.Bf3 Qd7 24.Qc4 Nb5 25.Rc1 h6 26.Kh1 Na3 27.Qd3 Nb5 28.Qb3 Bf8 29.Bg3 Nc3
30.Qc4 Nb5 31.Rb6 Rd8 32.Bc6 Qe7 33.Bb8 Rxb8 34.Rxb8 Rc7 35.Rb6 Nc3 36.Rxa6 g6
37.Rc2 Kg7 38.Qd3 Qh4 39.e4 h5 40.Rb6 e5 41.Kh2 Bd6 42.g3 Qf6 43.f4 exf4
44.e5 fxg3+ 45.Qxg3 Qf5 46.Rf2 Qc8 47.exd6 Rxc6 48.Qe5+ Kg8 49.Qe7 Rxb6 50.Qxf7+ Kh8
51.axb6  1-0

[Event "MK Cafe Cup-A"]
[Site "Koszalin"]
[Date "1999.08.08"]
[Round "6"]
[White "Tregubov, Pavel V"]
[Black "Filippov, Valerij"]
[Result "1/2-1/2"]
[WhiteElo "2609"]
[BlackElo "2605"]

1.d4 Nf6 2.c4 e6 3.Nf3 d5 4.Nc3 c6 5.Qb3 dxc4 6.Qxc4 b5 7.Qd3 Bb7 8.a3 a6
9.e4 c5 10.e5 Nd5 11.dxc5 Bxc5 12.Ne4 Nd7 13.Be2 Be7 14.O-O h6 15.Bd2 Nc5
16.Nxc5 Bxc5 17.Qe4 Qe7 18.Qg4 g5 19.Rac1 Bb6 20.Rfd1 Rd8 21.a4 b4 22.h4 gxh4
23.Nxh4 Qf8 24.Bf3 Rg8 25.Qh5 Qg7 26.Qxh6 Qxe5 27.Re1 Qf6 28.Qxf6 Nxf6 29.Bxb4 Rd4
30.Bc5 Bxc5 31.Rxc5 Bxf3 32.Nxf3 Rxa4 33.Ne5 Kf8 34.Rc8+ Kg7 35.Rc7 Rf8 36.Re3 Nd5
37.Rg3+ Kf6 38.Nd7+ Ke7 39.Nc5+  1/2-1/2

[Event "Ehrat mem"]
[Site "Zurich"]
[Date "1999.08.15"]
[Round "3"]
[White "Kortschnoj, Viktor"]
[Black "Tischbierek, Raj"]
[Result "1/2-1/2"]
[WhiteElo "2676"]
[BlackElo "2544"]

1.Nf3 d5 2.c4 c6 3.d4 Nf6 4.Qb3 e6 5.Nc3 dxc4 6.Qxc4 b5 7.Qd3 b4 8.Ne4 Nxe4
9.Qxe4 Bb7 10.e3 Nd7 11.Bc4 Be7 12.O-O O-O 13.Re1 Rc8 14.Bd2 Nf6 15.Qd3 c5
16.e4 cxd4 17.Rac1 Nd7 18.Qxd4 Bc5 19.Qd3 Nb6 20.Qxd8 Rfxd8 21.Bg5 Rf8 22.Bf1 f6
23.Bd2 Rfd8 24.b3 g5 25.h3 h5 26.Rxc5 Rxc5 27.Bxb4 Rc7 28.Ba5 e5 29.a4 Rcd7
30.Be2 Kg7 31.Kh2 Kg6 32.Ng1 Ra8 33.Bb5 Rdd8 34.Bc4 Rd4 35.Bxb6 axb6 36.Ne2 Rd2
37.f3 Rc2 38.Ng3 Rd8 39.Nf1 Rb2 40.Rc1 g4 41.hxg4 hxg4 42.Kg3 gxf3 43.gxf3 Bc8
44.Ne3 Rh8 45.Rc2 Rxc2 46.Nxc2 Rd8 47.Ne3 Bb7 48.Bd5 Ba6 49.b4 Bd3 50.b5 Kg5
51.Bc4 f5 52.exf5 Bxf5 53.Nd5 Rd6 54.Kf2 Bc8 55.Ke3 Bb7 56.f4+ exf4+ 57.Nxf4 Kf6
58.Nd3 Ke7 59.Ne5 Rh6 60.Bg8 Rh3+ 61.Kd2 Rg3 62.Bh7 Bd5 63.Bc2 Kd6 64.Nd3 Be4
65.Kc3 Bxd3 66.Bxd3 Kc5 67.a5 bxa5 68.Kc2 Kd4 69.Bf5 Kc5 70.Bd7 Rg7 71.Bc6 Kb4
72.Kb2 Rg6 73.Kc2 Rf6 74.Bd7 Rf2+ 75.Kd3 Rb2 76.Be8 a4 77.b6 Ka3  1/2-1/2

[Event "Ehrat mem"]
[Site "Zurich"]
[Date "1999.08.22"]
[Round "9"]
[White "Kortschnoj, Viktor"]
[Black "Gabriel, Christian"]
[Result "1-0"]
[WhiteElo "2676"]
[BlackElo "2578"]

1.d4 d5 2.c4 c6 3.Nf3 Nf6 4.Qb3 e6 5.Nc3 Be7 6.Bg5 dxc4 7.Qxc4 b5 8.Qd3 Ba6
9.Qc2 Qa5 10.Bxf6 Bxf6 11.e3 Nd7 12.Bd3 c5 13.O-O c4 14.Be4 Rc8 15.a4 b4
16.Nb5 Qb6 17.Nd2 c3 18.bxc3 bxc3 19.Nf3 Be7 20.Rfb1 Nf6 21.a5 Qxb5 22.Rxb5 Bxb5
23.Bb7 Rc7 24.a6 O-O 25.Qb3 Bd3 26.Rc1 Nd5 27.Ne5 Be2 28.Bxd5 exd5 29.Rxc3 Rxc3
30.Qxc3 Bxa6 31.Qa5  1-0

[Event "EU-ch U16"]
[Site "Litohoto"]
[Date "1999.09.07"]
[Round "5"]
[White "Markos, Jan"]
[Black "Vioreanu, Bogdan"]
[Result "1/2-1/2"]
[WhiteElo "2248"]
[BlackElo "2210"]

1.d4 d5 2.c4 c6 3.Nf3 Nf6 4.Qb3 e6 5.Nc3 dxc4 6.Qxc4 b5 7.Qb3 Bb7 8.e4 Nbd7
9.e5 Nd5 10.Nxd5 exd5 11.Bd3 Be7 12.Qc2 h6 13.O-O O-O 14.Bf5 Kh8 15.Bf4 Nb6
16.Qd2 g5 17.Bg3 Kg7 18.Bc2 Bc8 19.Qd3 Rh8 20.Nd2 Be6 21.f4 gxf4 22.Bxf4 Kf8
23.Rf3 Ke8 24.Be3 Kd7 25.Nb3 Kc7 26.Nc5 Bxc5 27.dxc5 Nd7 28.a4 a6 29.Qd4 Qe7
30.Raf1 Rag8 31.Bf5 Rg7 32.axb5 axb5 33.Ra1 Kb7 34.Qc3 Bxf5 35.Rxf5 Ra8 36.Rxa8 Kxa8
37.Bxh6 Rg4 38.Be3 Rc4 39.Qa3+ Kb7 40.b3 Re4 41.Bf2 Nxe5 42.Qa5 Nd7 43.b4 Rg4
44.Rf3 Qe4 45.Bg3 Qd4+ 46.Rf2 Rxg3 47.hxg3 Qd1+ 48.Rf1  1/2-1/2

[Event "Flamenco Veterans-Women"]
[Site "Marbella"]
[Date "1999.10.21"]
[Round "1"]
[White "Kortschnoj, Viktor"]
[Black "Galliamova, Alisa"]
[Result "1-0"]
[WhiteElo "2676"]
[BlackElo "2556"]

1.d4 d5 2.c4 c6 3.Nf3 Nf6 4.Nc3 e6 5.Qb3 dxc4 6.Qxc4 b5 7.Qd3 Be7 8.a3 O-O
9.e4 Bb7 10.e5 Nfd7 11.Qe4 Re8 12.Bxb5 Nf8 13.O-O Nbd7 14.Ba4 Qc7 15.Rd1 Nb6
16.Bc2 c5 17.Qe2 Bxf3 18.gxf3 Red8 19.Nb5 Qb8 20.Be4 Nd5 21.dxc5 Bxc5 22.Bg5 Rd7
23.Nc3 h6 24.Bh4 Qb3 25.Nxd5 exd5 26.Bc2 Qb7 27.b4 Be7 28.Bg3 Rdd8 29.f4 Rac8
30.f5 Rc3 31.Bd3 d4 32.f6 gxf6 33.Qg4+ Kh8 34.Qh5 Kg7 35.Bf4 fxe5  1-0

[Event "Extraliga CZE"]
[Site "Ostrava CZE"]
[Date "1999.11.01"]
[Round "2"]
[White "Jurek,J"]
[Black "Virostko,P"]
[Result "1/2-1/2"]
[WhiteElo "2336"]
[BlackElo "2253"]

1.d4 Nf6 2.Nf3 d5 3.c4 c6 4.Qb3 e6 5.Nc3 Nbd7 6.g3 Be7 7.Bg2 b6 8.Bf4 Bb7
9.O-O O-O 10.Ne5 Nxe5 11.Bxe5 Qd7 12.e4 Nxe4 13.Nxe4 dxe4 14.Bxe4 f6 15.Bf4 Qxd4
16.Rfe1 Ba6 17.Qc2 f5 18.Bxc6 Rac8 19.Rad1 Qxc4 20.Qxc4 Bxc4 21.Bd7 Bb4 22.b3 Bxe1
23.bxc4 Bc3 24.Bxe6+ Kh8 25.Bxc8 Rxc8 26.Rd7 Kg8 27.Rxa7 Rxc4 28.Be3 Bd4
29.Bxd4 Rxd4 30.Kg2 h6 31.h4 g6 32.Kf3 Re4 33.Rb7 Re6 34.Rc7 b5 35.Rb7 Ra6
36.Rxb5 Ra3+ 37.Kf4 Rxa2 38.h5 Rxf2+ 39.Ke5 gxh5 40.Kf6 Rf3 41.Rb8+  1/2-1/2

[Event "Kuban 99"]
[Site "Krasnodar RUS"]
[Date "1999.11.15"]
[Round "3"]
[White "Tregubov,P"]
[Black "Maiorov,O"]
[Result "1/2-1/2"]
[WhiteElo "2609"]
[BlackElo "2458"]

1.d4 d5 2.c4 c6 3.Nf3 e6 4.Qb3 Nf6 5.Nc3 Qb6 6.e3 Qxb3 7.axb3 b6 8.Bd3 Bb7
9.O-O Nbd7 10.e4 dxe4 11.Nxe4 c5 12.Nxf6+ gxf6 13.d5 Bd6 14.Re1 Ne5 15.Be4 Ke7
16.Bd2 a5 17.Nh4 Rab8 18.dxe6 fxe6 19.Bc3 Bxe4 20.Rxe4 Kf7 21.f4 Nc6 22.Kf1 Rhe8
23.g3 Rbd8 24.Rae1 Bc7 25.Nf3 Re7 26.g4 Rde8 27.Kf2 e5 28.fxe5 Nxe5 29.Bxe5 Bxe5
30.Nxe5+ Rxe5 31.Rxe5 fxe5 32.Ke3 Ke6 33.Rf1 Rg8 34.h3 h5 35.Rg1 hxg4 36.Rxg4 Rh8
37.h4  1/2-1/2

[Event "It A"]
[Site "Paretana ESP"]
[Date "1999.12.27"]
[Round "1"]
[White "Garcia Ilundain,D"]
[Black "Skembris,S"]
[Result "1-0"]
[WhiteElo "2510"]
[BlackElo "2477"]

1.d4 d5 2.Nf3 Nf6 3.c4 e6 4.Nc3 c6 5.Qb3 dxc4 6.Qxc4 b5 7.Qd3 b4 8.Ne4 Nxe4
9.Qxe4 Bb7 10.Bg5 Qd5 11.Qg4 f5 12.Qh5+ g6 13.Qh4 Nd7 14.Bf6 Nxf6 15.Qxf6 b3
16.Qxh8 O-O-O 17.Qe5 Qc4 18.e3 Bb4+ 19.Nd2 Qc2 20.Rd1 Bxd2+ 21.Rxd2 Qb1+
22.Rd1 bxa2 23.Qa5  1-0

[Event "AUT-chT2O 9899"]
[Site "AUT"]
[Date "1999.??.??"]
[Round "9"]
[White "Vavrak, Peter"]
[Black "Schweda, Roland"]
[Result "1/2-1/2"]
[WhiteElo "2200"]
[BlackElo "2370"]

1.d4 Nf6 2.Nf3 d5 3.c4 c6 4.Qb3 e6 5.Nc3 Be7 6.cxd5 exd5 7.Bf4 O-O 8.e3 Nbd7
9.Bd3 Re8 10.h3 Nf8 11.Ne5 Ng6 12.Qc2 Bd6 13.Nxg6 hxg6 14.Bxd6 Qxd6 15.O-O-O Be6
16.g4 Qb4 17.Qa4 Qe7 18.Kb1 a5 19.Ne2 Rec8 20.Rc1 Nd7 21.f4 Nb6 22.Qc2 Bd7
23.e4 dxe4 24.Bxe4 Re8 25.Ng3 Qd6 26.Qc5 Qxf4 27.Qxb6 Qxg3 28.Qxb7 Rab8 29.Qxd7 Rxe4
30.Qxc6 Rxd4 31.Qc3 Qd6 32.Qxa5 Rdb4 33.Qa3 Qd4 34.b3 Qe4+ 35.Ka1 Rd4 36.Rhe1 Qg2
37.Qa7 Ra8 38.Rc8+ Rxc8 39.Qxd4 Qxh3 40.Rd1 Rc2 41.Kb1 Rh2 42.Rd2 Rxd2 43.Qxd2 Qxg4
44.a4 g5 45.a5 Qe4+ 46.Kb2 g4 47.a6 g3 48.a7 g2 49.Qd8+ Kh7 50.a8=Q Qxa8
51.Qxa8 g1=Q 52.Qe4+ g6 53.b4 Qf2+ 54.Qc2 Qf1 55.Qc5 Qe2+ 56.Kb3 Qd3+ 57.Qc3 Qb1+
58.Qb2 Qf5 59.Kc4 Qc8+ 60.Kd5 Qb7+ 61.Kc5 Qc7+ 62.Kd5 Kg8 63.b5 Qb7+ 64.Kc5 Qc7+
65.Kd5 Qd7+ 66.Kc5 Qb7  1/2-1/2